Mathematical methods: mathematical physics. (Record no. 460)
[ view plain ]
| 000 -LEADER | |
|---|---|
| fixed length control field | 00717nam a22002417a 4500 |
| 008 - FIXED-LENGTH DATA ELEMENTS--GENERAL INFORMATION | |
| fixed length control field | 130612b xxu||||| |||| 00| 0 eng d |
| 024 ## - OTHER STANDARD IDENTIFIER | |
| Terms of availability | Available |
| 037 ## - SOURCE OF ACQUISITION | |
| Terms of availability | Available |
| 040 ## - CATALOGING SOURCE | |
| Original cataloging agency | MBSTU LIBRARY |
| Modifying agency | MBSTU LIBRARY |
| 082 ## - DEWEY DECIMAL CLASSIFICATION NUMBER | |
| Edition number | 22 |
| Classification number | 530.15 RAM |
| 100 ## - MAIN ENTRY--PERSONAL NAME | |
| Personal name | Ranaman, Md. Abdur. |
| 245 ## - TITLE STATEMENT | |
| Title | Mathematical methods: mathematical physics. |
| 250 ## - EDITION STATEMENT | |
| Edition statement | 3rd. |
| 260 ## - PUBLICATION, DISTRIBUTION, ETC. (IMPRINT) | |
| Place of publication, distribution, etc. | Dhaka |
| Name of publisher, distributor, etc. | Nahar Book Depot. |
| Date of publication, distribution, etc. | 1987 |
| 300 ## - PHYSICAL DESCRIPTION | |
| Extent | 20 cm. |
| Other physical details | xxvi, 820 page. |
| Type of unit | 10 |
| Size of unit | 20 cm. |
| 600 ## - SUBJECT ADDED ENTRY--PERSONAL NAME | |
| Source of heading or term | Mathematical physics. |
| 650 ## - SUBJECT ADDED ENTRY--TOPICAL TERM | |
| Source of heading or term | Mathematical physics. |
| 700 ## - ADDED ENTRY--PERSONAL NAME | |
| Personal name | Ranaman, Md. Abdur. |
| 270 ## - ADDRESS | |
| Address | Dhaka |
| City | Nahar Book Depot. |
| Country | Banglsdesh. |
| 365 ## - TRADE PRICE | |
| Price amount | 209.00 |
| Unit of pricing | 209.00 |
| 942 ## - ADDED ENTRY ELEMENTS (KOHA) | |
| Source of classification or shelving scheme | |
| Koha item type | Books |
No items available.
